| 000 | 00806nam a22002531 4500 | ||
|---|---|---|---|
| 001 | 143654 | ||
| 003 | SpMaBN | ||
| 005 | 20250825045638.0 | ||
| 008 | 981210s1969 sp spa | ||
| 016 | 7 |
_abimoBNE20000197311 _zIND9800832593 _2SpMaBN |
|
| 017 |
_aGU 20-1969 _bOficina Depósito Legal Guadalajara |
||
| 035 | _a(OCoLC)432723742 | ||
| 040 |
_aSpMaBN _bspa _cCDM _dES-MaACL |
||
| 080 | _a86-321.9"19" | ||
| 100 | 0 |
_aSesma, Fernando _0XX1438055 _9105884 |
|
| 245 | 1 | 3 |
_aLa lógica del visitante del espacio / _cFernando Sesma |
| 260 |
_aMadrid : _bTesoro, _c[1969] |
||
| 300 |
_a146 p., 1 h. ; _c21 cm |
||
| 650 | 7 |
_aOvnis _2embne _915781 |
|
| 852 |
_aES-MaACL _bR.69609 _9148842 _cDEPO2 _jC-38846 |
||
| 942 |
_2udc _cMONOGRAFIA |
||
| 999 |
_c143654 _d143654 |
||